<?xml version="1.0" encoding="UTF-8"?>
<record
    xmlns:xsi="http://www.w3.org/2001/XMLSchema-instance"
    xsi:schemaLocation="http://www.loc.gov/MARC21/slim http://www.loc.gov/standards/marcxml/schema/MARC21slim.xsd"
    xmlns="http://www.loc.gov/MARC21/slim">

  <leader>00451nmm a2200145Ia 4500</leader>
  <controlfield tag="005">20241120123238.0</controlfield>
  <controlfield tag="008">241120s9999||||xx |||||||||||||||||und||</controlfield>
  <datafield tag="020" ind1=" " ind2=" ">
    <subfield code="a">9780472119370;9780472035953</subfield>
  </datafield>
  <datafield tag="100" ind1=" " ind2=" ">
    <subfield code="a">Kee, Kevin</subfield>
  </datafield>
  <datafield tag="245" ind1=" " ind2="0">
    <subfield code="a">Pastplay: Teaching and Learning History with Technology</subfield>
  </datafield>
  <datafield tag="260" ind1=" " ind2=" ">
    <subfield code="a">University of Michigan Press</subfield>
    <subfield code="c">2014</subfield>
  </datafield>
  <datafield tag="650" ind1=" " ind2=" ">
    <subfield code="a">Media</subfield>
  </datafield>
  <datafield tag="856" ind1=" " ind2=" ">
    <subfield code="u">https://directory.doabooks.org/handle/20.500.12854/34574</subfield>
  </datafield>
  <datafield tag="942" ind1=" " ind2=" ">
    <subfield code="c">E-Book</subfield>
  </datafield>
  <datafield tag="999" ind1=" " ind2=" ">
    <subfield code="c">192008</subfield>
    <subfield code="d">192008</subfield>
  </datafield>
  <datafield tag="952" ind1=" " ind2=" ">
    <subfield code="0">0</subfield>
    <subfield code="1">0</subfield>
    <subfield code="4">0</subfield>
    <subfield code="7">0</subfield>
    <subfield code="a">LDD</subfield>
    <subfield code="b">LDD</subfield>
    <subfield code="d">2024-11-20</subfield>
    <subfield code="l">0</subfield>
    <subfield code="r">2024-11-20 12:32:38</subfield>
    <subfield code="w">2024-11-20</subfield>
    <subfield code="y">E-Book</subfield>
  </datafield>
</record>
